000 00875nam a2200265 a 4500
001 991022289089706706
003 ES-BaIT
005 20241031105351.0
008 950111s1977 it |||||| 001 ||ita|c
020 _a8806465732
035 _a(ES-BaCBU).b15685536
035 _a(OCoLC)802577191
040 _aES-BaCBU
_bcat
_cES-BaCBU
080 _a850-2"17"Goldoni, Carlo.09
100 1 _aFido, Franco
_919265
245 1 0 _aGuida a Goldoni :
_bteatro e società nel Settecento
260 _bEinaudi,
_ccop. 1977
300 _aXI, 262 p
504 _aReferències bibliogràfiques. Apèndixs p. 195-239. Índexs
600 1 4 _aGoldoni, Carlo,
_d1707-1793
_xCrítica i interpretació
_955509
830 0 _aPiccola biblioteca Einaudi
_v303
_958852
907 _a.b15685536
_b15-06-21
_c07-05-08
_d11-01-95
_em
_fa
_g-
_hita
_iit
_j0
_k1
908 _aUB
_aCDMAE
942 _2udc
_c1
999 _c135711
_d135711